Statistics for Montgomery Clift Filmography

Click here to take the quiz!

General Stats

  • This quiz has been taken 30 times
    (6 since last reset)
  • The average score is 10 of 43

Answer Stats

TypeYearName% Correct
Film1951A Place in the Sun
100%
Film1953From Here to Eternity
100%
Film1953I Confess
83%
Film1948Red River
83%
Film1962Freud: The Secret Passion
67%
Film1961Judgment at Nuremberg
67%
Film1957Raintree County
67%
Film1959Suddenly, Last Summer
67%
Film1961The Misfits
67%
Film1948The Search
67%
Film1960Wild River
67%
Film1949The Heiress
50%
Film1958The Young Lions
33%
Film1958Lonelyhearts
17%
Documentary2018Making Montgomery Clift
17%
Documentary1983Montgomery Clift
17%
Film1950The Big Lift
17%
Theater1954The Seagull
17%
Theater1933As Husbands Go
0%
Radio Series1951Cavalcade of America
0%
Theater1938Dame Nature
0%
Theater1938Eye On the Sparrow
0%
Theater1935Fly Away Home
0%
Theater1945Foxhole in the Parlor
0%
TV Film1939Hay Fever
0%
Theater1935-1936Jubilee
0%
Theater1942Mexican Mural
0%
Short Documentary1957Operation Raintree
0%
Theater1944Our Town
0%
Theater1941Out of the Frying Pan
0%
Film1953Terminal Station
0%
Radio Series1951, 1952Theatre Guild on the Air
0%
Film1966The Defector
0%
TV Show1963The Merv Griffin Show
0%
Theater1939The Mother
0%
Theater1940There Shall Be No Night
0%
Theater1944-1945The Searching Wind
0%
Theater1942-1943The Skin of Our Teeth
0%
Theater1938The Wind and the Rain
0%
TV Show1963What's My Line?
0%
TV Documentary1965William Faulkner's Mississippi
0%
Theater1945-1946You Touched Me
0%
Theater1938Yr. Obedient Husband
0%

Score Distribution

Percentile by Number Answered

Percent of People with Each Score

Your Score History

You have not taken this quiz since the last reset